[Event "POR CupT qf 41st"]
[Site "Portugal"]
[Date "2019.06.08"]
[Round "1.3"]
[White "Rodrigues, Jose AA"]
[Black "Guerreiro, Raul Jose Lopes"]
[Result "1/2-1/2"]
[WhiteElo "2121"]
[BlackElo "2031"]
[PlyCount "63"]
[EventDate "2019.06.08"]
[EventType "team-k.o."]
[EventRounds "6"]
[EventCountry "POR"]
[SourceTitle "CBM 190 Extra"]
[Source "ChessBase"]
[SourceDate "2019.07.15"]
[SourceVersion "1"]
[SourceVersionDate "2019.07.15"]
[SourceQuality "1"]
[WhiteTeam "Porto GX"]
[BlackTeam "Cavadas"]
[WhiteTeamCountry "POR"]
[BlackTeamCountry "POR"]

1. d4 c5 2. d5 e6 3. c4 exd5 4. cxd5 d6 5. Nc3 Nf6 6. e4 Be7 7. f4 0-0 8. Nf3 Re8 9. Be2 Bf8 10. Nd2 Bd7 11. a4 Na6 12. Bxa6 bxa6 13. 0-0 Rb8 14. Qc2 Ng4 15. Nf3 f5 16. e5 dxe5 17. fxe5 Nxe5 18. Nxe5 Rxe5 19. Bf4 Bd6 20. Rf3 Qf6 21. Bxe5 Qxe5 22. g3 Qd4+ 23. Qf2 Rxb2 24. Qxd4 cxd4 25. Nd1 Rb4 26. Nf2 g6 27. Rfa3 Rb2 28. R3a2 Rb3 29. Rd1 Rb4 30. Rda1 Rb3 31. Rc1 Rb4 32. Rd1 1/2-1/2

[Event "Lisbon Portugal rapid op"]
[Site "Lisbon"]
[Date "2017.02.11"]
[Round "6"]
[White "Guerreiro, Raul Jose Lopes"]
[Black "Akshat, Khamparia"]
[Result "1/2-1/2"]
[WhiteElo "2048"]
[BlackElo "2361"]
[PlyCount "106"]
[EventDate "2017.02.11"]
[EventType "swiss (rapid)"]
[EventRounds "8"]
[EventCountry "POR"]
[SourceTitle "CBM 176 Extra"]
[Source "ChessBase"]
[SourceDate "2017.03.02"]
[SourceVersion "1"]
[SourceVersionDate "2017.03.02"]
[SourceQuality "1"]

1. e4 c5 2. d4 cxd4 3. Nf3 g6 4. Nxd4 Bg7 5. Be3 Nc6 6. c4 Nf6 7. Nc3 0-0 8. Be2 b6 9. 0-0 Bb7 10. f3 e6 11. Qd2 d5 12. cxd5 exd5 13. exd5 Ne7 14. Nc6 Nxc6 15. dxc6 Qxd2 16. Bxd2 Bxc6 17. Rfd1 Rad8 18. Be3 h6 19. Rxd8 Rxd8 20. Rd1 Rxd1+ 21. Bxd1 Nd5 22. Nxd5 Bxd5 23. b3 Kf8 24. Kf2 Ke7 25. Ke2 g5 26. h3 Kd6 27. Bc2 Be5 28. Be4 Be6 29. Kd3 f5 30. Bb7 Kc7 31. Ba6 Kc6 32. Bc4 Bc8 33. a4 a6 34. b4 b5 35. axb5+ axb5 36. Bb3 Bd6 37. Bd2 Be5 38. Be3 f4 39. Bd4 Bf5+ 40. Kc3 Kd6 41. Bd1 Bd7 42. Bc2 Bc6 43. Bd3 Ke6 44. Bc2 Kf6 45. Bd3 h5 46. Be2 g4 47. hxg4 hxg4 48. fxg4 Bxg2 49. Bxe5+ Kxe5 50. Bxb5 f3 51. g5 f2 52. Kd2 Kf5 53. Ke3 Ke5 1/2-1/2

[Event "Lisbon Portugal rapid op"]
[Site "Lisbon"]
[Date "2017.02.11"]
[Round "3"]
[White "Simoes, Miguel Patricio"]
[Black "Guerreiro, Raul Jose Lopes"]
[Result "0-1"]
[WhiteElo "1661"]
[BlackElo "2048"]
[PlyCount "86"]
[EventDate "2017.02.11"]
[EventType "swiss (rapid)"]
[EventRounds "8"]
[EventCountry "POR"]
[SourceTitle "CBM 176 Extra"]
[Source "ChessBase"]
[SourceDate "2017.03.02"]
[SourceVersion "1"]
[SourceVersionDate "2017.03.02"]
[SourceQuality "1"]

1. e4 Nc6 2. Nf3 d6 3. d4 Bg4 4. Bb5 Bxf3 5. Qxf3 a6 6. Bxc6+ bxc6 7. Nc3 e6 8. 0-0 d5 9. exd5 cxd5 10. Re1 Nf6 11. Bg5 c6 12. Rad1 Be7 13. Ne2 0-0 14. Ng3 Nd7 15. Bxe7 Qxe7 16. Re3 Qf6 17. Qg4 Qg6 18. Qxg6 hxg6 19. Rc3 Rfc8 20. Ne2 Kf8 21. Rdd3 Ke7 22. Nc1 Kd6 23. Nb3 a5 24. Rf3 f6 25. Nc5 Nxc5 26. dxc5+ Ke7 27. Rb3 Rcb8 28. Kf1 a4 29. Rxb8 Rxb8 30. b3 Rb5 31. Rc3 d4 32. Rc4 axb3 33. cxb3 e5 34. Ke2 Ke6 35. b4 Kd5 36. Rc2 Rxb4 37. f3 Rc4 38. Rb2 Rxc5 39. Rb7 Rc2+ 40. Kf1 Rxa2 41. Rxg7 d3 42. Rxg6 Ra1+ 43. Kf2 d2 0-1

[Event "POR-chT2 final"]
[Site "Matosinhos"]
[Date "2013.08.24"]
[Round "1.2"]
[White "Guerreiro, Raul Jose Lopes"]
[Black "Ferreira, Luis Pedro Oliveira"]
[Result "1/2-1/2"]
[WhiteElo "1993"]
[BlackElo "1990"]
[PlyCount "119"]
[EventDate "2013.08.24"]
[EventType "team-tourn"]
[EventRounds "3"]
[EventCountry "POR"]
[SourceTitle "EXT 2018"]
[Source "ChessBase"]
[SourceDate "2017.10.13"]
[SourceVersion "1"]
[SourceVersionDate "2017.10.13"]
[SourceQuality "1"]
[WhiteTeam "Carris"]
[BlackTeam "Mamede Diogo"]
[WhiteTeamCountry "POR"]
[BlackTeamCountry "POR"]

1. e4 e6 2. d4 d5 3. Nd2 dxe4 4. Nxe4 Nd7 5. Nf3 Ngf6 6. Bd3 Be7 7. 0-0 0-0 8. c3 Nxe4 9. Bxe4 Nf6 10. Bc2 b6 11. Bg5 Bb7 12. Re1 Rc8 13. Qd3 g6 14. Qe2 Nh5 15. Bh6 Re8 16. Rad1 Bf8 17. Bxf8 Rxf8 18. Be4 Nf4 19. Qe3 Bxe4 20. Qxf4 Bd5 21. b3 Bb7 22. Re3 Qd5 23. c4 Qf5 24. Qxf5 exf5 25. d5 Rfe8 26. Rde1 Rxe3 27. Rxe3 Kf8 28. Kf1 c6 29. dxc6 Rxc6 30. Nd4 Rd6 31. Rd3 f4 32. g3 fxg3 33. fxg3 a6 34. Ke2 Be4 35. Rd2 Ke7 36. b4 f5 37. c5 bxc5 38. bxc5 Rd7 39. Ke3 g5 40. g4 Rd5 41. Nxf5+ Kd7 42. Rd4 Rxd4 43. Nxd4 Bd5 44. a3 Bg2 45. Kf2 Bd5 46. Kg3 Be4 47. h4 gxh4+ 48. Kxh4 Bg6 49. Kg5 Be4 50. Kf6 Bg6 51. Ke5 Bf7 52. Kf6 Bg6 53. Nf5 Kc7 54. Ne7 Be8 55. Kg7 h5 56. gxh5 Bxh5 57. Kf6 Kd7 58. c6+ Kd6 59. c7 Kxc7 60. Ke5 1/2-1/2